01360agaaa2200253 45000010005000000030009000050050017000140070009000310080040000400400023000800410013001031000045001161300059001612450179002202500022003992600128004213000033005495200306005825380016008885460013009046500070009177000057009877000062010441856IT-RoPAU20220918181300.0d cvaizq50131s9999||||xx ||| | || ||und|| aIT-RoPAUcIT-RoPAU aITALIANO aHeat RobertgCodice regista SPICS: 34960 aCREAZIONE DI UN CAPOLAVORO (LA): WALT DISNEY, FANTASIA aCREAZIONE DI UN CAPOLAVORO (LA): WALT DISNEY, FANTASIAcDiretto da: Heat RobertpCREAZIONE DI UN CAPOLAVORO (LA): WALT DISNEY, FANTASIA (Rif. Codice opera principale : A1856) aEdizione Standard aMILANO (ITALIA)bWALT DISNEY COMPANY / Distribuzione: WALT DISNEY HOME VIDg"1991 (1° ed.: 1991 ; Ed. Lingua Orig.: 1991)" aVHSbsonoro, col.c38 minuti aSEGRETI DIETRO LE QUINTE DI FANTASIA. BRANI ED INTERVISTE INEDITI. TESTIMONIANZE DI ANIMATORI E TECNICI CHE LAVORARONO SUL PROGETTO CON I PARERI DI ILLUSTRI STUDIOSI CRITICI E GIORNALISTI. TUTTI I PIU' INTERESSANTI E DIVERTENTI SEGRETI DEL GRANDE CAPOLAVORO CHE HA FATTO DELL'ANIMAZIONE UNA VERA ARTE. aPAL, STEREO aITALIANO aSTUDI SU FILMeSTUDI SUL CINEMA [VHS]xCodice MATERIA SPICS: 9959 aHeat Robert e(regista)gCodice regista SPICS: 34960 aMaltin Leonard e(soggetto)gCodice Soggetto SPICS: 34961